000 02792cam a2200361 4500500
005 20260405000658.0
041 _afre
042 _adc
100 1 0 _aGarrocq, Jean-Baptiste
_eauthor
700 1 0 _aCarey Libbrecht, Liz
_eauthor
245 0 0 _aBlaming pollution from around the corner
260 _c2024.
500 _a97
520 _aDrawing on the ethnography of a network of alternative air pollution measurements, this article examines the way in which micro-sensors are used as grounds for criticism. To understand the conditions under which this criticism is formed, we analyse the articulation between individuals' or groups' ordinary sense of justice, and the production of data by micro-sensors. Taking as our starting point the moral attitudes that individuals adopt towards these objects, we identify two forms of criticism: the alert, and the affair. In each of these forms, we analyse how specific links are forged between morality and technology when individuals publicize causal links between sources of pollution and data. We then consider different possible configurations for environmental critique using digital objects.
520 _aÀ partir de l’ethnographie d’un réseau de mesures alternatives de la pollution de l’air, cet article aborde la façon dont des mises en cause se forment avec des micro-capteurs. Pour comprendre les conditions de la formation de ces causes, nous analysons les manières dont s’ar­ticulent le sens ordinaire de la justice d’individus ou de collectifs et la production de données par les micro-capteurs. En partant des attitudes morales que les individus adoptent par rapport à ces ob­jets, nous identifions deux formes dans lesquelles se déploient les mises en cause : l’alerte et l’affaire. Dans chacune de ces formes, nous analysons comment se façonnent des articulations singulières entre morale et technique lorsque les individus publicisent des liens de causalité entre des sources de pollution et des données. Nous en­visageons alors différentes configurations possibles pour la critique environnementale équipée d’objets numériques.
690 _aair pollution
690 _adigital technology
690 _aenvironment
690 _aenvironnement
690 _aethnographie
690 _aethnography
690 _anumérique
690 _apollution de l’air
690 _asociologie de la causalité
690 _asociology of causality
690 _aair pollution
690 _adigital technology
690 _aenvironment
690 _aethnography
690 _asociology of causality
786 0 _nRéseaux | o 244 | 2 | 2024-05-29 | p. 49-82 | 0751-7971
856 4 1 _uhttps://shs.cairn.info/journal-reseaux-2024-2-page-49?lang=en&redirect-ssocas=7080
999 _c2039663
_d2039663